LEADER 00635nam a2200193 i 4500 001 000000249039 003 CaOOAMICUS 005 20160428000000.0 008 160428s1843 xx u000 u fre u 013 $a227944 040 $aSeMil$bita 245 10$aTome 3.2. 300 $aP. 401-800. 773 0 $tEncyclopédie du dix-neuvieme siècle.$dParis : Au Bureau de l' Encyclopédie du XIXe siècle, 1838.$g6$w()11611 850 $aSeMil 852 $aSeMil$W1$xVenegono$y1$m1D III 6 FA$j199385$B199385$CSeMilBibl$Z2$F210824 $8I 941 1 $a10 961 $aRecupero: Mantegazza 996 $6245$aTome 3.2$9(OLS)http://semarc/title/351310 LEADER 00822nam a2200181 i 4500 001 000000057598 003 CaOOAMICUS 005 19971013000000.0 008 971013n it u000 u ita u 013 $a28770 040 $aSeMil$bita 100 1 $aStolfi, Giuseppe.$0(OLS)http://semarc/name/29300 245 13$aIl pensiero di San Cesario d'Arles nel "Contra Eos qui dicunt quare aliis det Deus Gratiam aliis non det". 600 04$aCesario : di Arles .$0(OLS)http://semarc/subject/11084 650 4$aTesi di laurea.$0(OLS)http://semarc/subject/1690 850 $aSeMil 852 $aSeMil$W1$xVenegono$y1$m2I V 374$j23752$B23752$CSeMilBibl$Z2$F23754 $81 996 $6245$aIl pensiero di San Cesario d'Arles nel "Contra Eos qui dicunt quare aliis det Deus Gratiam aliis non det"$9(OLS)http://semarc/title/89659